| 000 -LEADER |
| fixed length control field |
01508nam a22001457a 4500 |
| 008 - FIXED-LENGTH DATA ELEMENTS--GENERAL INFORMATION |
| fixed length control field |
210930b ||||| |||| 00| 0 eng d |
| 100 ## - MAIN ENTRY--PERSONAL NAME |
| Personal name |
Bhat, Sumit G.M. and Bhat, Mudaser Ahad |
| 245 ## - TITLE STATEMENT |
| Title |
Financial inclusion and economic wellbeing of agricultural labourers in rural Haryana, India |
| 260 ## - PUBLICATION, DISTRIBUTION, ETC. (IMPRINT) |
| Place of publication, distribution, etc |
Contribution to Indian Social Science |
| 300 ## - PHYSICAL DESCRIPTION |
| Extent |
40(2), Apr, 2021: p.287-304 |
| 520 ## - SUMMARY, ETC. |
| Summary, etc |
Financial inclusion has a gigantic role in the inclusive and sustainable development of a society. It is a key driver of social inclusion. This study examined the financial inclusion and economic wellbeing status of agricultural labourers. It also analysed the influence of financial inclusion on the economic wellbeing of agricultural labourers. The results show that most of the agricultural labourers were scheduled castes. It showed the dismal status of labourers, financially as well as economically. Non-formal sources of loans among them are still common. Their economic wellbeing status is also in a woeful state. A large portion of the labourers are still trapped in a vicious circle of poverty, unable to handle unexpected expenses and save. The study found that financial inclusion and various sociodemographic variables significantly influence the economic wellbeing of labourers. The inferences of the study advocate more inclusive based schemes at the local level. – Reproduced |
| 773 ## - HOST ITEM ENTRY |
| Main entry heading |
Contribution to Indian Social Science |
| 906 ## - LOCAL DATA ELEMENT F, LDF (RLIN) |
| Subject DIP |
AGRICULTURAL LABOURERS |
| 942 ## - ADDED ENTRY ELEMENTS (KOHA) |
| Item type |
Articles |